LEADER 01003nam a2200229 i 4500 001 000000235762 003 CaOOAMICUS 005 20141113000000.0 008 141113s1844 it u000 u fre u 013 $a214666 040 $aSeMil$bita 100 1 $aArtaud de Montor, Alexis François.$0(OLS)http://semarc/name/14184 245 10$aHistoire du Pape Pie 8. /$cpar M. Le Chevalier Artaud de Montor ... ; ouvrage faisant suite aux Histoires de Pie 7. et de Léon 12., par le même auteur. 260 $aParis :$bLibrairie d'Adrien Le Clere et C.,$c1844. 300 $aXL, 469 p. ;$c23 cm. 600 04$aPio VIII .$0(OLS)http://semarc/subject/4918 850 $aSeMil 852 $aSeMil$W1$xVenegono$y1$m3B III 97 FA$j186108$B186108$CSeMilBibl$Z2$F196963 $8I 941 1 $a10 961 $aRecupero: Mantegazza 996 $6245$aHistoire du Pape Pie 8.$9(OLS)http://semarc/title/336015 996 $6260$aParis :$bLibrairie d'Adrien Le Clere et C.$9(OLS)http://semarc/publisher/31345 LEADER 01059nam a2200229 i 4500 001 000000028546 003 CaOOAMICUS 005 20180830125448.0 008 180830n it u000 u ita u 040 $aSeMil$bita 100 1 $aBonomelli, Geremia,$c.$0(OLS)http://semarc/name/664 245 13$aIl giovane studente istruito e difeso nella dottrina cristiana :$btrattenimenti /$cdi monsignor Geremia Bonomelli. 250 $a5. ed. riveduta e accresciuta. 260 $aBrescia :$bTipografia e libreria Queriniana,$c[189?] 300 $a3 v. ;$c18 cm. 650 4$aGiovani - Educazione religiosa.$0(OLS)http://semarc/subject/2210 650 4$aGiovani - Educazione cristiana.$0(OLS)http://semarc/subject/4583 774 0 $tParte 1.$g1$w()61563 774 0 $tParte 3.$g3$w()220497 774 0 $tParte 2.$g2$w()220498 996 $6245$aIl giovane studente istruito e difeso nella dottrina cristiana :$btrattenimenti$9(OLS)http://semarc/title/38754 996 $6260$aBrescia :$bTipografia e libreria Queriniana$9(OLS)http://semarc/publisher/37791